| 000 | 00723nam a2200229Ia 4500 | ||
|---|---|---|---|
| 005 | 20240729115110.0 | ||
| 008 | 210716s2008 xx 000 0 und d | ||
| 020 | _a9788190619103 | ||
| 040 | _cAIMIT LIBRARY | ||
| 041 | _aeng | ||
| 082 |
_a374.22 _21 _bSHER |
||
| 100 |
_aShetty, Rekha. _9174346 |
||
| 245 |
_aCorporate strategy minds power innovation / _cBy Rekha Shetty and Adhil Shetty. |
||
| 250 | _a1st ed. | ||
| 260 |
_aChennai; _c2008. _bMinds Power Books , |
||
| 300 |
_a190/2004 _bPB _c22.5 cm |
||
| 650 |
_aThe mindspower process _9174347 |
||
| 650 |
_aProblem statement _9174348 |
||
| 650 |
_aBridging the innovation gap _9174349 |
||
| 700 |
_aShetty, Adhil. _9174350 |
||
| 942 |
_2ddc _cBK _e1st _k374.22 SHER |
||
| 999 |
_c198427 _d198427 |
||